000 01269nam a22002777a 4500
001 5513
003 FISKH
005 20241216155213.0
008 241216b cb ||||| |||| 00| 0 eng d
020 _a9780545623902
040 _aFISKH
_beng
_cFISKH
_dFISKH
050 _aE475.B985
082 _a973.7349
100 _aButzer, C. M
245 _aGettysburg :
_bthe graphic novel /
_cWritten and illustrated by C. M. Butzer
260 _aNew York :
_bScholastic ;
_c2009 .
300 _a80 pages :
_bcolor illustrations ;
_c24 cm .
505 _aZ
520 _aPresents a comic book style depiction of the Battle of Gettysburg, the national movement to create a memorial at the battle site, and the day of Lincoln's Gettysburg Address in 1863, drawn from first-person letters, speeches, and other primary sources. The address itself is played out over sixteen pages, with every phrase given a visual interpretation that will resonate with young readers. Also contains page level author's notes and the Gettysburg Address, in both comic book and text forms.
521 8 _a1010
_bLexile GN
521 8 _aZ
_bRaz-Plus
650 _aGettysburg Address
_vnon-fiction
700 _aButzer, C.M
_eillustrator
942 _2ddc
_cBK
_n0
999 _c5513
_d5513